Kriege der Geschichte - Statistiken

Allgemein
  • Dieses Quiz wurde 1.046 mal gespielt
    470 seit der letzten Aktualisierung
  • Das Durchschnittsergebnis liegt bei 9 aus 26
Antwortstatistiken
Jahre Krieg % Korrekt
1914 - 1918 1. Weltkrieg
95%
1939 - 1945 2. Weltkrieg
95%
2022 - heute Russisch-Ukrainischer Krieg
71%
1618 - 1648 Dreissigjähriger Krieg
66%
1955 - 1975 Vietnamkrieg
65%
1950 - 1953 Koreakrieg
57%
2003 - 2011 3. Golfkrieg
48%
264 - 146 v. Chr. Punische Kriege
40%
1979 - 1989 Sowjetisch-Afghanischer Krieg
40%
1337 - 1453 Hundertjähriger Krieg
38%
1870 - 1871 Deutsch-Französischer Krieg
35%
1096 - 1291 Kreuzzüge
35%
1861 - 1865 Amerikanischer Bürgerkrieg
34%
1775 - 1783 Amerikanische Unabhängigkeitskrieg
31%
1792 - 1815 Napoleonische Kriege
29%
1936 - 1939 Spanischer Bürgerkrieg
25%
1756 - 1763 Siebenjähriger Krieg
22%
1866 Deutsch-Deutscher Krieg
20%
2011 - heute Syrischer Bürgerkrieg
20%
1991 - 2001 Jugoslawienkriege
18%
1917 - 1922 Russischer Bürgerkrieg
17%
ca. 1200 v. Chr. (10 Jahre) Trojanischer Krieg
13%
1904 - 1905 Russisch-Japanischer Krieg
11%
1937 - 1945 Zweiter Japanisch-Chinesischer Krieg
11%
1642 - 1651 Englischer Bürgerkrieg
7%
1847 Sonderbundskrieg
2%
Keine übereinstimmenden Quizze gefunden
Verteilung der Resultate
Anzahl Personen mit jedem Resultat
Perzentil nach korrekt beantworteten Fragen
Ihre Resultats-Entwicklung
Sie haben dieses Quiz seit der letzten Aktualisierung nicht gespielt